Normal view
MARC view
Entry Personal Name
001 - CONTROL NUMBER
- control field: 530116
003 - CONTROL NUMBER IDENTIFIER
- control field: OSt
005 - DATE AND TIME OF LATEST TRANSACTION
- control field: 20220930072611.0
008 - FIXED-LENGTH DATA ELEMENTS
- fixed length control field: 220930|| aca||aabn | a|a d
040 ## - CATALOGING SOURCE
- Original cataloging agency: OSt
- Transcribing agency: OSt
100 ## - HEADING--PERSONAL NAME
- Personal name: Dr M K Narula Supervisor
670 ## - SOURCE DATA FOUND
- Source citation: Work cat.: (OSt)864096: Mathew Maria 530115, Computed tomographic and ultrasonographic evaluation of hepato-biliary disorders, 1997
